Escritos políticos y filosóficos

Tallennettuna:
Bibliografiset tiedot
Päätekijä: Mead, George Herbert (autor)
Aineistotyyppi: Kirja
Kieli:espanja
Julkaistu: Buenos Aires Fondo de Cultura Económica 2009
Painos:1a. ed
Aiheet:
Tagit: Lisää tagi
Ei tageja, Lisää ensimmäinen tagi!

MARC

LEADER 00000cam a2200000 a 4500
001 UCH5956
003 CL-VaPUC
008 091105e20090000AG |||||||||||||||||spa|d
020 |a 9789505577774 
082 0 4 |a 320.1  |b MEA  |2 21 
100 |a Mead, George Herbert  |e autor  |9 337564 
245 1 0 |a Escritos políticos y filosóficos 
250 |a 1a. ed 
300 |a 390 p 
942 |c BK 
945 |d 20091105 00:00:00  |a dcastane 
260 |a Buenos Aires  |b Fondo de Cultura Económica  |c 2009 
650 0 |a Filosofía   |9 223554 
650 0 |a Política  |9 255312 
650 0 |a Crítica e interpretación   |9 255042 
583 |a last modification  |c 20150903 12:02:09  |k Rodrigo Vera 
999 |c 336950  |d 336948 
952 |0 0  |1 0  |4 0  |6 320_100000000000000_MEA_2009  |7 0  |8 A  |9 429024  |a BIBEDU  |b BIBEDU  |d 2019-11-22  |i 4614151  |o 320.1 MEA 2009  |p 4614151  |r 2019-11-22  |w 2019-11-22  |y BK  |k FIL 
952 |0 0  |1 0  |3 erb  |4 0  |6 320_100000000000000_MEA_2009  |7 0  |8 A  |9 429025  |a BIBEDU  |b BIBEDU  |i 5196973  |o 320.1 MEA 2009  |p 5196973  |r 2019-11-22  |w 2019-11-22  |y BK  |z Catalogado en:20150904  |k FIL